Política de salarios (Record no. 46887)

MARC details
000 -LEADER
campo de control de longitud fija 00632nam a2200169 i 4500
001 - NÚMERO DE CONTROL
campo de control 46887
003 - IDENTIFICADOR DE NÚMERO DE CONTROL
campo de control ES-MaACL
005 - FECHA Y HORA DE LA ÚLTIMA TRANSACCIÓN
campo de control 20230906161450.0
007 - CAMPO FIJO DE DESCRIPCIÓN FÍSICA--INFORMACIÓN GENERAL
campo de control de longitud fija t|
008 - DATOS DE LONGITUD FIJA--INFORMACIÓN GENERAL
campo de control de longitud fija 030401s1959 sp ||||1| spa d
110 2# - ENTRADA PRINCIPAL--NOMBRE DE ENTIDAD CORPORATIVA
Nombre de entidad corporativa o nombre de jurisdicción como elemento de entrada Organización Sindical Española.
9 (RLIN) 6077
245 10 - MENCIÓN DEL TÍTULO
Título Política de salarios
Resto del título : sistemas de retribución del trabajo : declaración de principios y recomendaciones formuladas por la Comisión de Estudio.
260 ## - PUBLICACIÓN, DISTRIBUCIÓN, ETC.
Lugar de publicación, distribución, etc. Madrid :
Nombre del editor, distribuidor, etc. Consejo Social de la Organización Sindical Española,
Fecha de publicación, distribución, etc. 1959 (
Fabricante Pueblo)
300 ## - DESCRIPCIÓN FÍSICA
Extensión 118 p. ;
Dimensiones 27 cm.
650 04 - PUNTO DE ACCESO ADICIONAL DE MATERIA--TÉRMINO DE MATERIA
Término de materia o nombre geográfico como elemento de entrada Salarios-
Subdivisión geográfica España.
9 (RLIN) 16968
852 ## - LOCALIZACIÓN
Ubicación ES-MaACL
Número de control de estantería P-1067
Sublocalización o colección R.46241
Holdings
Estatus retirado Estado de pérdida Estado de daño No para préstamo Biblioteca de origen Biblioteca actual Ubicación en estantería Fecha de adquisición Fuente de adquisición Total de préstamos Signatura topográfica completa Código de barras Visto por última vez Precio de reemplazo Tipo de ítem Koha
        Biblioteca del Ateneo de Madrid Biblioteca del Ateneo de Madrid Depósito 2 17/01/2008     P-1067 1049312 23/02/2023 23/02/2023 Libro impreso